00512 2200193 4500001002100000005001500021008004100036020002200077035001900099041000700118082001000125090001600135100001900151245002700170260003300197300003200230500001100262650004500273INLIS00000000001759620241224115336241224||||||||| | ||| |||| || |  a978-602-9329-29-2 0010-1224017596 aid0 a741.3 a741.3 HAD n0 aHadi Triansyah00aNext G: Ninja Blangkon aBandungbMizan Pustakac2013 a21x4,5 cm, 120 hlm.; ilus.: aCet. 1 0akomik anak -- Menggambar & Seni dekorasi